Normal view
MARC view
- الشعراء الجزائريون - تراجم
Entry Topical Term
001 - CONTROL NUMBER
- control field: 23233
003 - CONTROL NUMBER IDENTIFIER
- control field: JO-AjAnu
005 - DATE AND TIME OF LATEST TRANSACTION
- control field: 20230606074010.0
008 - FIXED-LENGTH DATA ELEMENTS
- fixed length control field: 230606|| aca||aabn | a|a d
040 ## - CATALOGING SOURCE
- Original cataloging agency: JO-AjAnu
- Transcribing agency: JO-AjAnu
150 ## - HEADING--TOPICAL TERM
- Topical term or geographic name entry element: الشعراء الجزائريون - تراجم
670 ## - SOURCE DATA FOUND
- Source citation: Work cat.: (JO-AjAnu)11940: تأليف سعدالله،أبو القاسم, author 23232, محمد العيد آل خليفة رائد الشعر الجزائري في العصر الحديث